Flow Control by Feedback : Stabilization and Mixing

Gespeichert in:
Bibliographische Detailangaben
Hauptverfasser: Aamo, Ole Morten (Verfasst von), Krstič, Miroslav (Verfasst von)
Format: Buch
Sprache:Englisch
Veröffentlicht: London : Springer Verlag, 2003
Schlagworte:
Tags: Tag hinzufügen
Keine Tags, Fügen Sie das erste Tag hinzu!

MARC

LEADER 00000nam a22000003a 4500
001 stu202775
005 20150617230108.4
008 100427s2003----uk------------------eng-d
020 |a 1-85233-669-2 
040 |a STU  |b slo 
041 0 |a eng 
044 |a uk 
080 |a 519.71  |7 stu_us_auth*stu8254 
080 |a 519.71  |7 stu_us_auth*stu8254 
080 |a 532 
100 1 |a Aamo, Ole Morten  |4 aut 
245 1 |a Flow Control by Feedback :  |b Stabilization and Mixing 
260 |a London :  |b Springer Verlag,  |c 2003 
300 |a 198 s 
650 7 |a hydromechanika  |2 stusub 
650 7 |a hydraulické mechanizmy  |2 stusub 
700 1 |a Krstič, Miroslav  |4 aut 
996 |b 284EK88262  |c E*88262  |l EE30  |s P  |a 0  |w stu202775_0001